Viajes con Puff /

Detalles Bibliográficos
Autor principal: Bach, Richard (Autor)
Otros Autores: Estrella, Juanjo (Traductor)
Formato: Electrónico eBook
Lenguaje:español
inglés
Publicado: Barcelona (España) : B de Books, [2014]
Edición:Edición en formato digital.
Materias:
Acceso en línea:Digitalia Hispánica

MARC

LEADER 00000nam a2200000Ii 4500
001 DIGEDICNSB0228
003 NyNyDIG
006 m o d
007 cr |||||||||||
008 251203s2014 sp ao o 000 0 spa d
035 |a (OCoLC)1479452119 
040 |a DGITA  |b eng  |e rda  |e pn  |c DGITA 
020 |a 9788490197677  |q eBook 
020 |z 9788466654395 
041 1 |a spa  |h eng 
050 1 4 |a TL711.S43 ebook 
082 0 4 |a 158.1  |2 23 
100 1 |a Bach, Richard,  |e author. 
240 1 0 |a Travels with Puff.  |l Spanish  |s (Estrella) 
245 1 0 |a Viajes con Puff /  |c Richard Bach ; traducción de Juanjo Estrella. 
250 |a Edición en formato digital. 
264 1 |a Barcelona (España) :  |b B de Books,  |c [2014] 
300 |a 1 online resource :  |b illustrations, photographs. 
336 |a text  |b txt  |2 rdacontent 
337 |a computer  |b c  |2 rdamedia 
338 |a online resource  |b cr  |2 rdacarrier 
347 |a text file  |2 rdaft 
347 |b EPUB 
588 0 |a Online resource; title from ePub title page (Digitalia, viewed December 3, 2025) 
600 1 0 |a Bach, Richard  |x Travel. 
650 0 |a Seaplanes  |x Piloting. 
650 0 |a Overland journeys to the Pacific. 
650 0 |a Adventure and adventurers. 
650 0 |a Danger perception. 
650 0 |a Self-actualization (Psychology) 
700 1 |a Estrella, Juanjo,  |e translator. 
700 1 |i Translation of:  |a Bach, Richard.  |t Travels with Puff. 
791 2 |a Digitalia (Firm),  |e distributor. 
793 0 |g Digitalia eBook Collection:  |a Ediciones B 
776 0 8 |i Print version:  |a Bach, Richard.  |s Travels with Puff. Spanish (Estrella).  |t Travels with Puff.  |b Primera edición.  |d Barcelona (España) : Ediciones B, [2014]  |z 9788466654395 
856 4 0 |3 Digitalia Hispánica  |u https://www.digitaliapublishing.com/a/53418/ 
910 |a Premium collection: 2025